Gradus ad Parnassum sive novus Synonymorum : Epithetorum et phrasium poeticarum thesaurus Elegantias, Flavissas Poëticas, Parnassum Poëticum, Thesaurum Virgilii, Smetium, Januam Musarum, aliosque id genus Libros ad Poësim necessarios complectens. In quo singulis etiam Phrasium syllabis, ac nominum et verborum incrementis, appositae sunt notae quantitatis indices, unà cum Poëtarum testimoniis, quorum authoritate singularam vocum quantitas comprobatur. Accedunt, quae ex Historia, Fabula, Geographia ad Poëticam artem conferunt. Inseruntur descriptiones, et comparationes plurimae ex optimis Poëtis excerpiae. Opus emendatissimum, pariter politiori elegantia excultissimum, Bohemica & Germanica ad quodvis vocabulum significatione addita auctum. Ac in gratiam studiosae Juventutis per Provinciam Bohemiae Societatis Jesu denuò recusum

Hlavní autor: Aler, Paul, 1656-1727
Další autoři: Wagner, Franz, 1675-1748, Vergilius, 70 př. Kr.-19 př. Kr., Smetius, Henricus, 1537-1614
Jazyk: Němčina
Latina
Čeština
Vydáno: Pragae : Typis Universitatis Carolo-Ferdinandeae in Collegio Soc. Jesu ad. S. Clement., 1746
Témata:
Fyzický popis: 958, [1] s. ; 8°
Language note: V latinském textu české a německé pasáže
Knihy
Uloženo v:
LEADER 02331nam a2200397 a 4500
001 mzk03001071436
003 CZ BrMZK
005 20111114101549.0
007 ta
008 090423s1746 xr fr|||||00| ||latod
040 |a BOA001  |b cze 
041 0 |a lat  |a cze  |a ger 
072 7 |a 094  |x Staré tisky  |2 Konspekt  |9 12 
080 |a (0.068)094  |2 MRF 
100 1 |a Aler, Paul,  |d 1656-1727  |7 mzk2005290136  |4 aut 
245 1 0 |a Gradus ad Parnassum sive novus Synonymorum :  |b Epithetorum et phrasium poeticarum thesaurus Elegantias, Flavissas Poëticas, Parnassum Poëticum, Thesaurum Virgilii, Smetium, Januam Musarum, aliosque id genus Libros ad Poësim necessarios complectens. In quo singulis etiam Phrasium syllabis, ac nominum et verborum incrementis, appositae sunt notae quantitatis indices, unà cum Poëtarum testimoniis, quorum authoritate singularam vocum quantitas comprobatur. Accedunt, quae ex Historia, Fabula, Geographia ad Poëticam artem conferunt. Inseruntur descriptiones, et comparationes plurimae ex optimis Poëtis excerpiae. Opus emendatissimum, pariter politiori elegantia excultissimum, Bohemica & Germanica ad quodvis vocabulum significatione addita auctum. Ac in gratiam studiosae Juventutis per Provinciam Bohemiae Societatis Jesu denuò recusum 
260 |a Pragae :  |b Typis Universitatis Carolo-Ferdinandeae in Collegio Soc. Jesu ad. S. Clement.,  |c 1746 
300 |a 958, [1] s. ;  |c 8° 
500 |a Výzdoba: Vlys, viněta 
546 |a V latinském textu české a německé pasáže 
561 |a Provenience: [exlibris] Bibliothecae Wesselensis Nro. 239 
563 |a Kožená vazba s rámcem a zlaceným hřbetem 
510 4 |a Knihopis,  |c K02743  |u https://aleph.nkp.cz/F/?func=direct&doc_number=000005108&local_base=KPS 
655 7 |a staré tisky  |7 fd422076  |2 czenas 
700 1 |a Wagner, Franz,  |d 1675-1748  |7 pna2007389176  |4 aut 
700 0 |a Vergilius,  |d 70 př. Kr.-19 př. Kr.  |7 jn19981002320  |4 ant 
700 1 |a Smetius, Henricus,  |d 1537-1614  |7 mzk2009533798  |4 oth 
903 |a RP 
910 |a BOA001  |b CH-0003.024 
978 |b Tiskárna jezuitská  |a Praha  |c 1746 
984 |a Praha  |b Česko 
985 |a 1701-1750 
990 |a BK 
993 |a Y 
991 |k mzk 
996 6 |b 2610429282  |c CH-0003.024  |l stud. ST  |r Sklad / do násl. otevíracího dne  |n 0  |h Bib.I.C.33.1.R.  |w 001079960  |x 9  |u 000010  |a 1  |e BOA001  |s P